000 00621cam a22002173a 4500
001 40061
003 PGUSA
005 20140828083907.0
008 120622s2012||||xxu|||||s|||||000 | eng d
040 _aPGUSA
_beng
042 _adc
100 1 _aXenophon,
_d-431--355
245 1 0 _aΚύρου Ανάβασις Τόμος 2
_h[electronic resource] /
_cXenophon
260 _bProject Gutenberg,
_c2012
506 _aPublic domain in the USA.
516 _aElectronic text
700 1 _aAnastasopoulos, Dimitrios
830 0 _aProject Gutenberg
_v40061
856 4 0 _uhttp://www.gutenberg.org/ebooks/40061
942 _cEB
999 _c269314
_d269314